Perú 1997: la crisis de los rehenes /

Guardat en:
Dades bibliogràfiques
Autor principal: Degregori, Carlos Iván
Format: Text
Etiquetes: Afegir etiqueta
Sense etiquetes, Sigues el primer a etiquetar aquest registre!

MARC

LEADER 00000 a a2200000 04500
001 1195
003
040
100 |a Degregori, Carlos Iván  
245 |a Perú 1997:   |b la crisis de los rehenes /  |c Carlos Iván Degregori 
773 |g volumen 1; páginas 61-66  
999 |c 33292  |d 33292